Partnerstwo w systemie dystrybucji

Uložené v:
Podrobná bibliografia
Hlavný autor: Daňo, Ferdinand, 1959-
Médium: Kapitola
Jazyk:Polish
Tagy: Pridať tag
Žiadne tagy, Buďte prvý, kto otaguje tento záznam!

MARC

LEADER 00000naa a2200000 4500
001 0152011
005 20240502083347.3
041 0 |a pol 
044 |a PL 
245 1 0 |a Partnerstwo w systemie dystrybucji  |c Ferdinand Daňo 
100 1 |a Daňo, Ferdinand, 1959-